Primera Encuentro Nacional de Iniciación a la Arquitectura. Ejercicios de Iniciación. Clúster de Iniciación a la Arquitectura EARQ-UC
Kaydedildi:
| Yazar: | |
|---|---|
| Diğer Yazarlar: | , |
| Materyal Türü: | Kitap |
| Dil: | İngilizce |
| Baskı/Yayın Bilgisi: |
Santiago, Chile:
Museo Nacional de Bellas Artes, Ministerio de las Culturas, las Artes y el Patrimonio, Colegio de Arquitectos de Chile, Otros Pérez,
2021
|
| Konular: | |
| Online Erişim: | Disponible Online - iniciaciónarq |
| Etiketler: |
Etiketle
Etiket eklenmemiş, İlk siz ekleyin!
|
MARC
| LEADER | 00000nam a22000007a 4500 | ||
|---|---|---|---|
| 003 | CL-VaPUC | ||
| 005 | 20220718074657.0 | ||
| 008 | 220426b2021 ||||| |||| 00| 0 eng d | ||
| 999 | |c 435499 |d 435497 | ||
| 020 | |a 978-956-404-206-0 | ||
| 040 | |c Pontificia Universidad Católica de Valparaíso | ||
| 082 | 0 | 4 | |2 22 |a 720 SUA 2021 |
| 100 | 1 | |a Suárez Molina, Leonardo |e editor y curador |9 868785 | |
| 245 | 1 | 0 | |a Primera Encuentro Nacional de Iniciación a la Arquitectura. |b Ejercicios de Iniciación. Clúster de Iniciación a la Arquitectura EARQ-UC |
| 260 | |a Santiago, Chile: |b Museo Nacional de Bellas Artes, |b Ministerio de las Culturas, las Artes y el Patrimonio, |b Colegio de Arquitectos de Chile, |b Otros Pérez, |c 2021 | ||
| 300 | |a 79 páginas | ||
| 500 | |a c.1-c3 Donación Profesora Ursula Exx. Memo ARQ 05/2022. 04/04/2022 | ||
| 583 | |c 20220426 |k Catalogador Asistente | ||
| 650 | 1 | |a Formación arquitectónica |x Ejercicios y talleres |9 872147 | |
| 700 | |a Quintanilla Chala, José |e editor |9 868786 | ||
| 700 | |a Zelaya Vilca, María José |e editora |9 868787 | ||
| 856 | |u https://www.iniciacionarq.cl/ejercicios-de-iniciacion/ |y Disponible Online - iniciaciónarq | ||
| 942 | |2 ddc |c BK | ||
| 952 | |0 0 |1 0 |2 ddc |4 0 |6 720_000000000000000_SUA_2021 |7 0 |8 A |9 582780 |a BIBARQ |b BIBARQ |c GEN |d 2022-04-26 |e Donación |i 5650942 |o 720 SUA 2021 |p 5650942 |r 2025-01-20 |t 1 |w 2022-04-26 |y BK |k ARQ | ||
| 952 | |0 0 |1 0 |2 ddc |4 0 |6 720_000000000000000_SUA_2021 |7 0 |8 A |9 582781 |a BIBARQ |b BIBARQ |c GEN |d 2022-04-26 |e Donación |i 5650943 |o 720 SUA 2021 |p 5650943 |r 2024-01-16 |t 2 |w 2022-04-26 |y BK |k ARQ | ||
| 952 | |0 0 |1 0 |2 ddc |4 0 |6 720_000000000000000_SUA_2021 |7 0 |8 A |9 582782 |a BIBARQ |b BIBARQ |c GEN |d 2022-04-26 |e Donación |i 5650944 |o 720 SUA 2021 |p 5650944 |r 2025-01-20 |t 3 |w 2022-04-26 |y BK |k ARQ | ||